000 00470nam a22001577a 4500
008 131011b xxu||||| |||| 00| 0 eng d
041 0 _aeng
080 _a165
245 1 0 _aQuantity & Quality /
_cDaniel Lerner
260 _aNew York :
_bThe Free Press of Glencoe, Inc. ;
_c1961
300 _a221 f. :
_c21 cm.
500 _aPreface f. : 5-6
650 0 _aTeoria e njohjes
650 0 _aMetodologjia
942 _2udc
_cBK
999 _c99
_d99